000 00562nam a2200217 a 4500
001 0001-2001
003 ELIB.Books
008 190604 2010 eng
020 _aKBTS
092 _a241
_bOma
100 _aOmartian, Stormie.
245 _aCan I Afford Time For Friends?
260 _aMinneapolis
_bBethany House Publishers
_c1994
300 _a186
_c21 Cm
650 _aChristian Ethics
856 _nKBTS Library
_uKBTS Elib
942 _2ddc
_cBK
990 _a1
998 _aEnglishbooks.elf
_ccat
_e2019-06-04
999 _c12001
_d12001